banner-ar

The medieval Nile : (Record no. 63036)

MARC details
000 -الفاتح
حقل البيانات ثابتة الطول 03152cam a2200481 i 4500
005 - وقت وتاريخ اخر تعامل مع التسجيلة
رقم الضبط 20240530110620.0
008 - عناصر البيانات ثابتة الطول - معلومات عامة
حقل البيانات ثابتة الطول 150331s2014 ua ab b 001 0 eng d
020 ## - الرقم الدولى المعيارى للكتب
الرقم الدولى المعيارى للكتاب 9789774166143
020 ## - الرقم الدولى المعيارى للكتب
الرقم الدولى المعيارى للكتاب 9774166140
035 ## - رقم ضبط النظام
رقم ضبط النظام (OCoLC)ocn894784159
040 ## - مصدر الفهرسة
وكالة النسخ EG-CaGPL
082 04 - رقم تصنيف ديوى العشرى
رقم الطبعة 21
رقم التصنيف 962
رقم المادة CC/C M
100 1# - المدخل الرئيسى - إسم شخصى
الإسم الشخصى Cooper, John P.,
الدور author.
245 14 - بيان العنوان
العنوان The medieval Nile :
بقية العنوان route, navigation, and landscape in Islamic Egypt /
بيان المسئوليه,etc John P. Cooper.
300 ## - الوصف المادى
التعداد xvii, 421 pages :
تفاصيل ماديه اخرى للوعاء illustrations (some color), maps (some color) ;
أبعاد الوعاء 24 cm
504 ## - تبصرة ببليوجرافية
تبصرة ببليوجرافية,الخ Includes bibliographical references (pages 377-407) and index.
650 #0 - المدخل الاضافى بالموضوع-مصطلح موضوعى
مصطلح موضوعي Navigation
التقسيم الفرعي الجغرافي Nile River
التقسيم الفرعي العام History.
650 #0 - المدخل الاضافى بالموضوع-مصطلح موضوعى
مصطلح موضوعي Landscape changes
التقسيم الفرعي الجغرافي Nile River Region
التقسيم الفرعي العام History.
650 #0 - المدخل الاضافى بالموضوع-مصطلح موضوعى
مصطلح موضوعي Waterways
التقسيم الفرعي الجغرافي Egypt
التقسيم الفرعي العام History.
650 #7 - المدخل الاضافى بالموضوع-مصطلح موضوعى
مصطلح موضوعي Navigation.
مصدر الرأس أو المصطلح fast
651 #0 - المدخل الاضافى بالموضوع - اسم جغرافى
الاسم الجغرافي Nile River
التقسيم الفرعي العام History.
651 #0 - المدخل الاضافى بالموضوع - اسم جغرافى
الاسم الجغرافي Nile River
التقسيم الفرعي العام History
التقسيم الفرعي الشكلي Sources.
651 #0 - المدخل الاضافى بالموضوع - اسم جغرافى
الاسم الجغرافي Nile River
التقسيم الفرعي العام Geography.
651 #0 - المدخل الاضافى بالموضوع - اسم جغرافى
الاسم الجغرافي Nile River
التقسيم الفرعي العام Environmental conditions.
651 #0 - المدخل الاضافى بالموضوع - اسم جغرافى
الاسم الجغرافي Egypt
التقسيم الفرعي العام History
التقسيم الفرعي الزمني 1250-1517.
651 #0 - المدخل الاضافى بالموضوع - اسم جغرافى
الاسم الجغرافي Egypt
التقسيم الفرعي العام History
التقسيم الفرعي الزمني 1517-1882.
651 #7 - المدخل الاضافى بالموضوع - اسم جغرافى
الاسم الجغرافي Egypt.
مصدر الرأس أو المصطلح fast
651 #7 - المدخل الاضافى بالموضوع - اسم جغرافى
الاسم الجغرافي Nile River.
مصدر الرأس أو المصطلح fast
942 ## - عناصر المدخل الإضافي( كوها)
مصدر التصنيف او مخطط الترفيف Dewey Decimal Classification
Koha [default] item type كتاب
264 #1 -
-- Cairo ;
-- New York :
-- The American University in Cairo Press,
-- 2014.
336 ## -
-- text
-- txt
-- rdacontent
337 ## -
-- unmediated
-- n
-- rdamedia
338 ## -
-- volume
-- nc
-- rdacarrier
520 2# - التبصرة الخاصة بالتعليق أو التلخيص
ملخص,الخ "An interdisciplinary study that draws together geography, historical navigation data, and eyewitness accounts into a comprehensive picture of one of the world's great rivers. This ground-breaking view of the navigational landscape of the Nile in medieval Egypt draws on a broad range of sources: medieval Arabic geographies; traveler accounts; archaeology; and meteorological, hydrological, and geological studies. John Cooper first charts the changing geography of the Nile waterways, particularly in the Delta, from the eve of Islam to the early modern period, and logs the 'rise and fall' of these waterways for natural and/or anthropogenic reasons. He then presents a new perspective on the Nile, drawing on traveler accounts and environmental data to portray the river as a uniquely challenging and sometimes dangerous navigational environment requiring extensive local knowledge by skilled and hard-working Nile navigators. Finally, he looks at how the main Delta and Red Sea ports of medieval Egypt fitted into the navigational landscape described, explaining how these ports were affected by changes occurring to the navigational landscape, and how they reflected the navigational conditions of the Nile and surrounding seas"--From the publisher.
648 #7 -
-- 1250 - 1882
-- fast
650 #7 - المدخل الاضافى بالموضوع-مصطلح موضوعى
-- (OCoLC)fst01035085
651 #7 - المدخل الاضافى بالموضوع - اسم جغرافى
-- (OCoLC)fst01208755
651 #7 - المدخل الاضافى بالموضوع - اسم جغرافى
-- (OCoLC)fst01242174
655 #7 - مصطلح تكشيفى-نوع/شكل
بيانات النوع/ الشكل أو المصطلح الأساسي History.
مصدر المصطلح fast
-- (OCoLC)fst01411628
752 ## - المدخل الاضافى - اسم مكان هرمى
البلد او الكيان الاكبر Egypt
المدينة Cairo.
856 41 - الوصول و الموقع الالكترونى
مواد محددة Table of contents only
معرف المصدر الموحد http://www.loc.gov/catdir/enhancements/fy1507/2014466245-t.html
856 42 - الوصول و الموقع الالكترونى
مواد محددة Publisher description
معرف المصدر الموحد http://www.loc.gov/catdir/enhancements/fy1507/2014466245-d.html
856 42 - الوصول و الموقع الالكترونى
مواد محددة Contributor biographical information
معرف المصدر الموحد http://www.loc.gov/catdir/enhancements/fy1507/2014466245-b.html
Holdings
حالة التراجع حالة الفقد مصدر التصنيف او خطة الترفيف حالة تلف ليس للاعارة المكان المؤقت الموقع الحالى موقع الترفيف تاريخ الاكتساب اجمالي اﻻعارات رقم الطلب الباركود تاريخ اخر مشاهدة تاريخ تفعيل السعر نوع وعاء كوها
    ddc     مكتبة القاهرة الكبرى مكتبة القاهرة الكبرى   12/18/2016   962 CC/C M 162982 12/18/2016 12/18/2016 كتاب

Powered By

EGPV